La confesión (Record no. 78254)

MARC details
000 -LEADER
campo de control de longitud fija 00714nam a2200217 i 4500
001 - NÚMERO DE CONTROL
campo de control 78254
003 - IDENTIFICADOR DE NÚMERO DE CONTROL
campo de control ES-MaACL
005 - FECHA Y HORA DE LA ÚLTIMA TRANSACCIÓN
campo de control 20230906173627.0
007 - CAMPO FIJO DE DESCRIPCIÓN FÍSICA--INFORMACIÓN GENERAL
campo de control de longitud fija t|
008 - DATOS DE LONGITUD FIJA--INFORMACIÓN GENERAL
campo de control de longitud fija 041013s1965 sp ||||1| spa d
100 1# - ENTRADA PRINCIPAL--NOMBRE DE PERSONA
Nombre de persona Häring, Bernhard.
9 (RLIN) 61847
245 13 - MENCIÓN DEL TÍTULO
Título La confesión
Resto del título : sacramento de la alegría /
Mención de responsabilidad, etc. Bernhard Háring ; [tradujo, Emilio Javier Alonso Hernández].
260 ## - PUBLICACIÓN, DISTRIBUCIÓN, ETC.
Lugar de publicación, distribución, etc. Madrid :
Nombre del editor, distribuidor, etc. Perpetuo Socorro,
Fecha de publicación, distribución, etc. 1965.
300 ## - DESCRIPCIÓN FÍSICA
Extensión 114 p. ;
Dimensiones 18 cm.
490 1# - MENCIÓN DE SERIE
Mención de serie Pastoral y Mundo Actual ;
Designación de volumen o secuencia 1
650 04 - PUNTO DE ACCESO ADICIONAL DE MATERIA--TÉRMINO DE MATERIA
Término de materia o nombre geográfico como elemento de entrada Penitencia.
9 (RLIN) 15920
700 1# - ENTRADA AGREGADA--NOMBRE PERSONAL
Nombre de persona Alonso Hernández, Emilio Javier.
9 (RLIN) 20340
830 0# - PUNTO DE ACCESO ADICIONAL DE SERIE-TÍTULO UNIFORME
Título uniforme Pastoral y Mundo Actual ;
Designación de volumen o secuencia 1
9 (RLIN) 183585
852 ## - LOCALIZACIÓN
Ubicación ES-MaACL
Número de control de estantería C-27900
Sublocalización o colección R.57242
Holdings
Estatus retirado Estado de pérdida Estado de daño No para préstamo Biblioteca de origen Biblioteca actual Ubicación en estantería Fecha de adquisición Fuente de adquisición Total de préstamos Signatura topográfica completa Código de barras Visto por última vez Precio de reemplazo Tipo de ítem Koha
        Biblioteca del Ateneo de Madrid Biblioteca del Ateneo de Madrid Depósito 2 17/01/2008     C-27900 1081859 23/02/2023 23/02/2023 Libro impreso